हिंदी भाषा और शिक्षण शास्त्र (Record no. 198461)

MARC details
000 -LEADER
fixed length control field 00928nam a22002057a 4500
005 - DATE AND TIME OF LATEST TRANSACTION
control field 20230920140023.0
010 ## - LCCN (DPL NO)
LC control number HIN-126071
020 ## - INTERNATIONAL STANDARD BOOK NUMBER
International Standard Book Number 9789355324474
Terms of availability 340.00
035 ## - SYSTEM CONTROL NUMBER
System control number HN-98417
037 ## - SOURCE OF ACQUISITION
Source of stock number/acquisition DBAD/PUB
082 ## - DEWEY DECIMAL CLASSIFICATION NUMBER
Classification number 420
100 ## - MAIN ENTRY--PERSONAL NAME
Personal name वर्मा,कमल देव
245 ## - TITLE STATEMENT
Title हिंदी भाषा और शिक्षण शास्त्र
Statement of responsibility, etc कमल देव वर्मा
260 ## - PUBLICATION, DISTRIBUTION, ETC. (IMPRINT)
Place of publication, distribution, etc तमिलनाडु ,
Name of publisher, distributor, etc McGraw Hill
Date of publication, distribution, etc 2023
270 ## - ADDRESS
Address अंजना काम्प्लेक्स न.5/90ए , बट रोड , सत.थॉमस माउंट ,
City चेन्नई
Postal code 600016
300 ## - PHYSICAL DESCRIPTION
Extent 373 पृ.
Other physical details 24 सेमी (अजिल्द)
500 ## - GENERAL NOTE
General note चतुर्थ संस्करण (वर्ग : I- VIII )
700 ## - ADDED ENTRY--PERSONAL NAME
9 (RLIN) 57107
942 ## - ADDED ENTRY ELEMENTS (KOHA)
Source of classification or shelving scheme Dewey Decimal Classification
Item type Hindi Books
Classification part 420
Call number suffix वर्माक
Edition चतुर्थ संस्करण

No items available.


© Delhi Public Library
Hit Counter
free hit counter